000 00592nam a2200193Ia 4500
003 IN-BaIIA
008 211028s9999 xx 000 0 eng d
020 _a87081-025-1
040 _cIIA Library
080 _a524.83
_bCOS
245 0 _aCosmology, fusion and other matters
_bGeorge Gamow memorial volume
_cedited by Frederick Reines
260 _aColorado
_bColorado Associated University Press
_c1972
300 _axiv, 320p.
650 _aAstronomy and astrophysics thesaurus
650 _aCosmology
650 _aUniverse
_91987
700 _aReines, Frederick., ed.
_97573
942 _cBK
999 _c4310
_d4310